Manual de derecho administrativo
Saved in:
| Hovedforfatter: | |
|---|---|
| Format: | Bog |
| Sprog: | spansk |
| Udgivet: |
Santiago
Jurídica de Chile
1952
|
| Serier: | Manuales Jurídicos, 46
|
| Fag: | |
| Tags: |
Tilføj Tag
Ingen Tags, Vær først til at tagge denne postø!
|
MARC
| LEADER | 00000nam a2200000 a 4500 | ||
|---|---|---|---|
| 001 | UCZ7901 | ||
| 003 | CL-VaPUC | ||
| 008 | 960112e19520000CL |||||||||||||||||spa|d | ||
| 082 | 0 | 4 | |a 342.8306 |b AYL |2 21 |
| 100 | |a Aylwin Azócar, Patricio |e author |9 352911 | ||
| 245 | 1 | 0 | |a Manual de derecho administrativo |
| 300 | |a 327 p | ||
| 942 | |c BK | ||
| 945 | |d 19960112 00:00:00 |a mcarcey | ||
| 260 | |a Santiago |b Jurídica de Chile |c 1952 | ||
| 650 | 0 | |a Derecho administrativo |9 254851 | |
| 650 | 0 | |a Estado |9 255503 | |
| 650 | 7 | |a SERVICIO PUBLICO |2 CL-VaPUC |9 352912 | |
| 650 | 7 | |a CONTROL JURIDICO |2 CL-VaPUC |9 352913 | |
| 651 | 7 | |a CHILE |2 CL-VaPUC |9 352914 | |
| 583 | |a last modification |c 19960112 00:00:00 |k Rodrigo Vera | ||
| 490 | 0 | |a Manuales Jurídicos, 46 | |
| 999 | |c 243883 |d 243881 | ||
| 952 | |0 0 |1 0 |4 0 |6 342_830600000000000_AYL_1952 |7 0 |8 A |9 257725 |a BIBDER |b BIBDER |d 2019-11-19 |i 3155463 |l 2 |o 342.8306 AYL 1952 |p 3155463 |r 2023-03-16 |s 2023-03-06 |w 2019-11-19 |y BK |k DER | ||